Best 3 players on each team (based on NHL 13 ratings) - Statistics

General Stats
  • This quiz has been taken 1,563 times
  • The average score is 39 of 90
Answer Stats
Hint Answer % Correct
ANA (F) Ryan Getzlaf
85%
BOS (D) Zdeno Chara
84%
ANA (F) Corey Perry
83%
PIT (F) Sidney Crosby
79%
WIN (F) Evander Kane
76%
PIT (F) Evgeni Malkin
74%
CHI (F) Johnathan Toews
74%
WAS (F) Alexander Ovechkin
72%
BUF (G) Ryan Miller
66%
TB (F) Steven Stamkos
66%
MON (G) Carey Price
65%
VAN (F) Daniel Sedin
65%
VAN (F) Henrik Sedin
65%
LA (G) Johnathan Quick
65%
PIT (D) Kris Letang
64%
CHI (D) Duncan Keith
63%
SJ (F) Joe Thornton
63%
WAS (F) Nicholas Backstrom
62%
MIN (G) Niklas Backstrom
62%
PHI (F) Claude Giroux
61%
MON (D) PK Subban
61%
EDM (F) Taylor Hall
60%
NYR (G) Henrik Lundqvist
59%
DET (F) Henrik Zetterberg
59%
VAN (G) Roberto Luongo
59%
NYI (F) John Tavares
58%
DET (F) Pavel Datsyuk
58%
NAS (D) Shea Weber
58%
LA (D) Drew Doughty
57%
TB (F) Martin St. Louis
57%
NAS (G) Pekka Rinne
57%
CAR (F) Eric Staal
56%
DAL (F) Jamie Benn
56%
CAR (F) Jordan Staal
56%
NYR (F) Rick Nash
56%
SJ (D) Dan Boyle/Brett Burns
53%
OTT (D) Erik Karlsson
53%
PHX (G) Mike Smith
53%
SJ (F) Patrick Marleau
53%
TOR (F) Phil Kessel
53%
CHI (F) Marian Hossa
52%
CAR (G) Cam Ward
51%
MIN (F) Zach Parise
49%
MIN (D) Ryan Suter
45%
OTT (F) Jason Spezza
42%
COL (F) Matt Duchene
42%
TOR (D) Dion Phaneuf
40%
WIN (D) Dustin Byfuglien
40%
OTT (F) Daniel Alfredsson
39%
BOS (F) David Krejci
38%
WAS (D) Mike Green
38%
DET (D) Niklas Kronwall
38%
COL (D) Eric Johnson
37%
CLB (D) Jack Johnson
37%
TB (F) Vincent Lecavalier
37%
STL (D) Alex Pietrangelo
36%
ANA (F) Bobby Ryan
36%
CAL (G) Mikka Kiprusoff
36%
EDM (F) Jordan Eberle
35%
CAL (D) Mark Giordano
34%
NYR (F) Brad Richards
32%
CLB (F) Marian Gaborik
31%
LA (F) Mike Richards
31%
DAL (G) Kari Lehtonen
29%
PHI (D) Chris Pronger
28%
STL (F) David Backes
28%
STL (G) Jaroslav Halak
28%
PHI (G) Ilya Bryzgalov
27%
NJ (F) Ilya Kovalchuk
27%
PHX (D) Keith Yandle
26%
BUF (D) Tyler Myers
22%
MON (F) Tomas Plekanec
21%
TOR (F) Joffrey Lupul
17%
NYI (F) Matt Moulson
17%
NJ (F) Traviz Zajac
17%
NAS (F) Mike Fisher
16%
BOS (F) Nathan Horton
16%
NYI (D) Mark Streit
15%
NJ (D) Adam Larsson
14%
FLA (D) Brian Campbell
13%
DAL (F) Loui Eriksson
13%
CAL (F) Mike Cammalleri
9%
EDM (D) Ryan Whitney
9%
WIN (D) Zach Bogosian
9%
FLA (F) Stephen Weiss
7%
COL (F) Paul Statsny
6%
PHX (D) Zbynek Michalek
6%
CLB (D) Fedor Tyutin
5%
FLA (F) Kris Versteeg
5%
BUF (F) Steve Ott
5%
No matching quizzes found
Score Distribution
Percent of People with Each Score
Percentile by Number Answered
Your Score History
You have not taken this quiz